000
00275nam a22001097a 4500
999
_c
532621
_d
532621
082
_a
A3 Se75s
100
_a
Sethi, Keval Krishna
_9
59156
245
_a
Shikari aur shikar
_c
by Keval Krishna Sethi
260
_a
Bhopal
_b
Kevisa
_c
2021
300
_a
126p.
650
_a
Fiction
_9
59157